00405nam a2200121Ia 4500008004100000082002000041100001600061245005900077260002300136365000600159630005900165730005900224100415s9999 xx 000 0 und d b13406a581(544) aBlatter E. aThe flora of the Indian desert (Jodhpur and Jaisalmer) aBOMBAYc1918bBNHS b0 aThe flora of the Indian desert (Jodhpur and Jaisalmer) aThe flora of the Indian desert (Jodhpur and Jaisalmer)